Statistics for Top Athletes under 30

Click here to take the quiz!

General Stats

  • This quiz has been taken 30 times
  • The average score is 7 of 13

Answer Stats

SportHintAnswer% Correct
NBAKingLeBron James
100%
NBAbest NBA scorerKevin Durant
82%
FootballerFC BarcelonaLionel Messi
79%
SoccerReal Madrid 7Cristiano Ronaldo
68%
NBANew York KnickerbockerCarmelo Anthony
64%
SnowboarderX-game champShaun White
64%
NFL#28Adrian Peterson
61%
NFLreplaced Alex SmithColin Kaepernick
61%
NBARedheadBlake Griffin
46%
NBAFirst time All StarKyrie Irving
21%
NFLL.A. LakerDwight Howard
14%
NFLSuper Bowl XLVIIFrank Gore
11%
TennisRussian StarMaria Sharpova
0%

Score Distribution

Percentile by Number Answered

Percent of People with Each Score

Your Score History

You have not taken this quiz